Proyectos de inversión: formulación y evaluación (Registro nro. 3506)

Detalles MARC
000 -Cabecera
Campo de control de longitud fija 01346aam a2200421 4500
005 - Fecha y hora de la última transacción
Campo de control 20250620152830.0
008 - Elementos de longitud fija--Información general
Campo de control de longitud fija 150302b xxu||||| |||| 00| 0 ES d
020 ## - International Standard Book Number
Número Internacional Estándar del Libro (ISBN) 97026096410
041 ## - Idioma
Código de idioma Español
082 ## - Clasificación Decimal Dewey
Número de clasificación 658.404 SA241p
100 ## - Entrada principal--Autor personal
Nombre personal Sapag Chain, Nassir
9 (RLIN) 808
245 ## - Título propiamente dicho
Título Proyectos de inversión: formulación y evaluación
260 ## - Pie de imprenta
Lugar de publicación, distribución, etc. México
260 ## - Pie de imprenta
Nombre del editor, distribuidor, etc. Pearson Educación
260 ## - Pie de imprenta
Fecha de publicación, distribución, etc. 2007
300 ## - Descripción física
Extensión 483 páginas
490 ## - Serie
Título de la Serie Dirección y Administración de Empresas
505 ## - Nota de contenido
Nota de contenido Contiene disco compacto N° 419
505 ## - Nota de contenido
Nota de contenido Disco compacto contiene instalador de aplicación Easy PlanEx, ejercicios resueltos y glosario.
650 ## - Materia general
Temática (materia general) GERENCIA DE PROYECTOS
650 ## - Materia general
Temática (materia general) ADMINISTRACIÓN DE PROYECTOS
650 ## - Materia general
Temática (materia general) CONCEPTOS INTRODUCTORIOS
650 ## - Materia general
Temática (materia general) ESTUDIOS DE MERCADO
650 ## - Materia general
Temática (materia general) ESTUDIOS DE VIABILIDAD
650 ## - Materia general
Temática (materia general) PROCESO DE ESTUDIO DEL PROCESO
650 ## - Materia general
Temática (materia general) MERCADO COMPETIDOR
650 ## - Materia general
Temática (materia general) ESTUDIO TÉCNICO DEL PROYECTO
650 ## - Materia general
Temática (materia general) COSTOS E INVERSIONES
650 ## - Materia general
Temática (materia general) ASPECTOS TRIBUTARIOS
650 ## - Materia general
Temática (materia general) COSTOS E INVERSIONES
650 ## - Materia general
Temática (materia general) CÁLCULO DE BENEFICIOS DEL PROYECTO
650 ## - Materia general
Temática (materia general) BENEFICIOS DEL PROYECTO
650 ## - Materia general
Temática (materia general) FLUJOS DE CAJA
650 ## - Materia general
Temática (materia general) VIABILIDAD ECONÓMICA
650 ## - Materia general
Temática (materia general) EVALUACIÓN DE INVERSIONES
650 ## - Materia general
Temática (materia general) OUTSOURCING
942 ## - Punto de acceso adicional KOHA
Tipo de ítem KOHA Libro
Fuente del sistema de clasificación o colocación Dewey Decimal Classification
Existencias
Signatura completa Código de barras Programa Académico Tipo de ítem
658.404 SA241p 13406 Dirección y Administración de Empresas Libro
658.404 SA241p 12573 Dirección y Administración de Empresas Libro
658.404 SA241p 12574 Dirección y Administración de Empresas Libro
658.404 SA241p 12575 Dirección y Administración de Empresas Libro
658.404 SA241p 12576 Dirección y Administración de Empresas Libro
658.404 S241p 419ADC Dirección y Administración de Empresas Disco Compacto
658.404 S241p 419BDC Dirección y Administración de Empresas Disco Compacto
658.404 S241p 419CDC Dirección y Administración de Empresas Disco Compacto
658.404 S241p 419DDC Dirección y Administración de Empresas Disco Compacto